[Event "GRE-ch U16 Attiki"]
[Site "Peristeri"]
[Date "2022.06.24"]
[Round "1"]
[White "Chatzinikolaou, Diogenis"]
[Black "Fragkos, Vasileios"]
[Result "0-1"]
[WhiteElo "1323"]
[BlackElo "2062"]
[PlyCount "40"]
[EventDate "2022.06.24"]
[EventType "swiss"]
[EventRounds "7"]
[EventCountry "GRE"]
[SourceTitle "EXT 2023"]
[Source "ChessBase"]
[SourceDate "2022.10.05"]
[SourceVersion "1"]
[SourceVersionDate "2022.10.05"]
[SourceQuality "1"]

1. e4 e5 2. Nf3 Nc6 3. Bc4 Bc5 4. d3 Nf6 5. Nc3 h6 6. h3 d6 7. Na4 Qe7 8. Nxc5 dxc5 9. c3 Bd7 10. Be3 Na5 11. Nd2 Bc6 12. Qc2 0-0-0 13. a3 Nxc4 14. Nxc4 Qe6 15. b3 b6 16. 0-0 g5 17. Nb2 g4 18. b4 gxh3 19. g3 Qg4 20. Qd1 Qg6 0-1